Catálogo de la Biblioteca Horacio González - Universidad Nacional de General Sarmiento

Los aventureros (Registro nro. 54264)

Detalles MARC
000 -CABECERA
campo de control de longitud fija 01268ngm a22002770a 4500
001 - NÚMERO DE CONTROL
campo de control PT15533
003 - IDENTIFICADOR DEL NÚMERO DE CONTROL
campo de control AR-LpoUNG
005 - FECHA Y HORA DE LA ÚLTIMA TRANSACCIÓN
campo de control 20210202000158.0
007 - CAMPO FIJO DE DESCRIPCIÓN FÍSICA--INFORMACIÓN GENERAL
campo de control de longitud fija vd cvaizq
008 - DATOS DE LONGITUD FIJA--INFORMACIÓN GENERAL
campo de control de longitud fija 191001s1967||||ag |||||||||||||||||fre d
037 ## - FUENTE DE ADQUISICIÓN
Condiciones de disponibilidad $8.3
040 ## - FUENTE DE LA CATALOGACIÓN
Centro catalogador/agencia de origen AR-LpoUNG
Lengua de catalogación spa
Centro/agencia transcriptor AR-LpoUNG
Normas de descripción aacr
041 ## - CÓDIGO DE LENGUA
Código de lengua del texto/banda sonora o título independiente fre
-- spa
044 ## - CÓDIGO DEL PAÍS DE LA ENTIDAD EDITORA/PRODUCTORA
Código MARC del país ag
082 0# - NÚMERO DE LA CLASIFICACIÓN DECIMAL DEWEY
Número de clasificación 302.1 59ave
100 1# - ENTRADA PRINCIPAL--NOMBRE DE PERSONA
Nombre de persona Enrico, Robert
Término indicativo de función/relación dir.
245 14 - MENCIÓN DE TÍTULO
Título Los aventureros
260 ## - PUBLICACIÓN, DISTRIBUCIÓN, ETC.
Lugar de publicación, distribución, etc. Buenos Aires :
Nombre del editor, distribuidor, etc. Arrakis,
Fecha de publicación, distribución, etc. [1967].
300 ## - DESCRIPCIÓN FÍSICA
Extensión VHS (90 min.) : son, col.
505 0# - NOTA DE CONTENIDO CON FORMATO
Nota de contenido con formato Diálogos en francés, subtítulos en castellano. - Fotografía: Jean Boffety. - Argumentación: José Giovanni.
520 ## - SUMARIO, ETC.
Sumario, etc. Dos personas comunes, muy distintas entre sí. Fortalecen una amistad profunda, creada en las fantasias de sus aventuras; acrobacias aéreas, una auto de carrera que se incendiará en la primera prueba, pasar en avión por el Arco del Triunfo o ir tras la búsqueda de un tesoro marino en el Congo. Letcia, una artista vanguardista que desea comprarles chatarra para sus esculturas, viene a completar un trio de idealistas que, al realizar su primer sueño se convierten en millonarios y... hallan la realidad de la muerte.
651 #4 - PUNTO DE ACCESO ADICIONAL DE MATERIA--NOMBRE GEOGRÁFICO
Nombre geográfico Francia
653 ## - TÉRMINO DE INDIZACIÓN--NO CONTROLADO
Término no controlado VIDEOS
905 ## - ELEMENTOS DE DATOS E LOCAL, LDE (RLIN)
a 15533
942 ## - ELEMENTOS DE PUNTO DE ACCESO ADICIONAL (KOHA)
Tipo de ítem Koha Video
Existencias
Estado de retiro Estado de pérdida Estado dañado No para préstamo Código de colección Localización permanente Ubicación/localización actual Fecha de adquisición Total de préstamos Signatura topográfica completa Código de barras Fecha visto por última vez Precio válido a partir de Tipo de ítem Koha
        Colección Cine Biblioteca Universidad Nacional de General Sarmiento Biblioteca Universidad Nacional de General Sarmiento 02/02/2021   302.1 59ave 00018202 02/02/2021 02/02/2021 Video